000 00514nam a2200205Ia 4500
005 20260429112217.0
008 260429s9999||||xx |||||||||||||| ||und||
020 _a9789357517263
041 _aEnglish
082 _a538
_bTAY
100 _aTaylor, Dane
245 0 _aElectricity and magnetism /
_cDane Taylor
250 _a1st ed.
260 _aNew Delhi :
_bRandom Publications,
_c2025.
300 _ax, 256 p.; hb
650 _a Electricity
650 _a Magnetism
650 _aPhysics
942 _cTB
999 _c52918
_d52918